Essentials of Medical Pharmacology (Record no. 356993)

MARC details
000 -LEADER
fixed length control field 00513nam a22001937a 4500
005 - DATE AND TIME OF LATEST TRANSACTION
control field 20240201123530.0
008 - FIXED-LENGTH DATA ELEMENTS--GENERAL INFORMATION
fixed length control field 240201b |||||||| |||| 00| 0 eng d
020 ## - INTERNATIONAL STANDARD BOOK NUMBER
International Standard Book Number 9789350259375
041 ## - LANGUAGE CODE
Language code of text/sound track or separate title eng
082 ## - DEWEY DECIMAL CLASSIFICATION NUMBER
Edition number 23
Classification number 615.1
Item number TRI
100 ## - MAIN ENTRY--PERSONAL NAME
Author Tripathi,K.D.
245 ## - TITLE STATEMENT
Title Essentials of Medical Pharmacology
250 ## - EDITION STATEMENT
Edition statement 7 Edition
260 ## - PUBLICATION, DISTRIBUTION, ETC.
Place of publication, distribution, etc. Jaypee Brothers Medical Publisher
Name of publisher, distributor, etc. New Delhi
Date of publication, distribution, etc. 2013
300 ## - PHYSICAL DESCRIPTION
Extent XVI;1002P.
365 ## - TRADE PRICE
Price type code Rs.
Price amount 920.00
650 ## - SUBJECT ADDED ENTRY--TOPICAL TERM
Topical term or geographic name entry element Pharmacology
942 ## - ADDED ENTRY ELEMENTS (KOHA)
Koha item type Donated Book
Holdings
Withdrawn status Lost status Source of classification or shelving scheme Damaged status Not for loan Home library Current library Date acquired Vendor Net Price Total Checkouts Total Renewals Full call number Barcode Date due Date last seen Date last checked out Actual Price Bill Date Koha item type
    Dewey Decimal Classification     Sitabai Nargundkar College of Nursing Nagpur Sitabai Nargundkar College of Nursing Nagpur 02/06/2023 Donated by Ms. Vandana Bhoyar 920.00 1 1 615.1 TRI SNCN-DB-104 04/06/2025 05/11/2024 05/11/2024 230.00 01/02/2024 Donated Book